[Event "Blitz 2018"]
[Site "Saint-Petersburg"]
[Date "2018.12.30"]
[Round "18"]
[Board "52"]
[White "Antipov Mikhail Al. (RUS)"]
[Black "Iljiushenok Ilia (RUS)"]
[Result "1-0"]
[LiveChessVersion "1.4.8"]
[BlackElo "2467"]
[WhiteElo "2604"]

1. e4 {[%clk 0:03:03]} e5 {[%clk 0:03:03]} 2. Nf3 {[%clk 0:03:04]} Nc6
{[%clk 0:03:04]} 3. Bb5 {[%clk 0:03:05]} Nf6 {[%clk 0:03:05]} 4. d3
{[%clk 0:03:01]} Bc5 {[%clk 0:03:06]} 5. Bxc6 {[%clk 0:03:00]} dxc6
{[%clk 0:03:07]} 6. Qe2 {[%clk 0:02:56]} Qe7 {[%clk 0:02:57]} 7. Nbd2
{[%clk 0:02:56]} Bg4 {[%clk 0:02:58]} 8. h3 {[%clk 0:02:55]} Bh5 {[%clk 0:02:59]}
9. Nc4 {[%clk 0:02:47]} Nd7 {[%clk 0:03:00]} 10. Bd2 {[%clk 0:02:38]} f6
{[%clk 0:03:01]} 11. O-O-O {[%clk 0:02:31]} O-O-O {[%clk 0:03:00]} 12. Kb1
{[%clk 0:02:21]} Kb8 {[%clk 0:02:57]} 13. Ne3 {[%clk 0:01:46]} Nf8
{[%clk 0:02:47]} 14. Nf5 {[%clk 0:01:47]} Qd7 {[%clk 0:02:47]} 15. Be3
{[%clk 0:01:35]} Bxe3 {[%clk 0:02:43]} 16. fxe3 {[%clk 0:01:31]} Ne6
{[%clk 0:02:31]} 17. g4 {[%clk 0:01:30]} Bf7 {[%clk 0:02:30]} 18. h4
{[%clk 0:01:29]} c5 {[%clk 0:02:22]} 19. g5 {[%clk 0:01:11]} Bh5 {[%clk 0:02:18]}
20. b3 {[%clk 0:00:41]} g6 {[%clk 0:02:08]} 21. Ng3 {[%clk 0:00:36]} Bxf3
{[%clk 0:02:07]} 22. Qxf3 {[%clk 0:00:36]} fxg5 {[%clk 0:02:07]} 23. hxg5
{[%clk 0:00:34]} Nxg5 {[%clk 0:02:01]} 24. Qf6 {[%clk 0:00:34]} Nf7
{[%clk 0:01:41]} 25. Rdf1 {[%clk 0:00:32]} Rdf8 {[%clk 0:01:43]} 26. Qg7
{[%clk 0:00:21]} Qe8 {[%clk 0:01:01]} 27. Rxh7 {[%clk 0:00:16]} Rhg8
{[%clk 0:00:58]} 28. Qf6 {[%clk 0:00:14]} Nd6 {[%clk 0:00:48]} 29. Qg5
{[%clk 0:00:14]} Rxf1+ {[%clk 0:00:46]} 30. Nxf1 {[%clk 0:00:15]} b6
{[%clk 0:00:35]} 31. Nd2 {[%clk 0:00:13]} Nf7 {[%clk 0:00:08]} 32. Qf6
{[%clk 0:00:13]} Nd6 {[%clk 0:00:07]} 33. Re7 {[%clk 0:00:07]} Qd8
{[%clk 0:00:07]} 34. Qxe5 {[%clk 0:00:06]} g5 {[%clk 0:00:09]} 35. Nf1
{[%clk 0:00:05]} g4 {[%clk 0:00:09]} 36. Ng3 {[%clk 0:00:06]} a5 {[%clk 0:00:05]}
37. Rg7 {[%clk 0:00:05]} Qf8 {[%clk 0:00:04]} 38. Rxg8 {[%clk 0:00:05]} Qxg8
{[%clk 0:00:05]} 39. Qf4 {[%clk 0:00:05]} Qg7 {[%clk 0:00:05]} 40. e5
{[%clk 0:00:05]} Nb5 {[%clk 0:00:06]} 41. c4 {[%clk 0:00:04]} Na7
{[%clk 0:00:04]} 42. e6 {[%clk 0:00:04]} Nc6 {[%clk 0:00:05]} 43. Qe4
{[%clk 0:00:03]} Ne7 {[%clk 0:00:05]} 44. Kc2 {[%clk 0:00:04]} Qa1
{[%clk 0:00:04]} 45. Qxg4 {[%clk 0:00:04]} Qxa2+ {[%clk 0:00:05]} 46. Kc1
{[%clk 0:00:04]} Qa1+ {[%clk 0:00:06]} 47. Kd2 {[%clk 0:00:04]} Qb2+
{[%clk 0:00:06]} 48. Ke1 {[%clk 0:00:05]} Qxb3 {[%clk 0:00:07]} 49. Qe4
{[%clk 0:00:05]} a4 {[%clk 0:00:08]} 50. Nf5 {[%clk 0:00:05]} Nxf5 51. Qxf5
{[%clk 0:00:06]} Qb1+ {[%clk 0:00:05]} 52. Kf2 {[%clk 0:00:06]} Qb2+
{[%clk 0:00:05]} 53. Kf3 {[%clk 0:00:05]} Qg7 {[%clk 0:00:06]} 54. Qf7
{[%clk 0:00:05]} Qg1 {[%clk 0:00:04]} 55. Qf8+ {[%clk 0:00:05]} Kb7
{[%clk 0:00:06]} 56. e7 {[%clk 0:00:05]} Qf1+ {[%clk 0:00:05]} 57. Ke4
{[%clk 0:00:06]} Qg2+ {[%clk 0:00:03]} 58. Qf3 {[%clk 0:00:06]} Qg6+
{[%clk 0:00:03]} 59. Ke5+ {[%clk 0:00:06]} Ka7 {[%clk 0:00:04]} 60. Qf8
{[%clk 0:00:05]} Qd6+ {[%clk 0:00:04]} 61. Ke4 {[%clk 0:00:04]} Qe6+
{[%clk 0:00:05]} 62. Kf4 {[%clk 0:00:05]} Qd6+ {[%clk 0:00:06]} 63. Kf3
{[%clk 0:00:05]} Qc6+ {[%clk 0:00:06]} 64. Kf2 {[%clk 0:00:06]} 1-0

[Event "Blitz 2018"]
[Site "Saint-Petersburg"]
[Date "2018.12.30"]
[Round "18"]
[Board "53"]
[White "Sokolov Andrei (LAT)"]
[Black "Gareyev Timur (USA)"]
[Result "1/2-1/2"]
[LiveChessVersion "1.4.8"]
[BlackElo "2577"]
[WhiteElo "2507"]

1. d4 {[%clk 0:03:04]} f5 {[%clk 0:03:00]} 2. g3 {[%clk 0:03:03]} Nf6
{[%clk 0:02:58]} 3. Bg2 {[%clk 0:03:05]} g6 {[%clk 0:02:59]} 4. Nf3
{[%clk 0:03:02]} Bg7 {[%clk 0:03:00]} 5. O-O {[%clk 0:03:03]} d6 {[%clk 0:03:00]}
6. c4 {[%clk 0:03:04]} e6 {[%clk 0:03:01]} 7. Nc3 {[%clk 0:03:03]} O-O
{[%clk 0:03:01]} 8. b3 {[%clk 0:03:04]} Ne4 {[%clk 0:03:00]} 9. Bb2
{[%clk 0:03:02]} Nc6 {[%clk 0:02:55]} 10. e3 {[%clk 0:02:58]} Nxc3
{[%clk 0:02:30]} 11. Bxc3 {[%clk 0:02:59]} Qe7 {[%clk 0:02:30]} 12. b4
{[%clk 0:02:44]} e5 {[%clk 0:02:31]} 13. b5 {[%clk 0:02:44]} Nd8 {[%clk 0:02:32]}
14. dxe5 {[%clk 0:02:25]} dxe5 {[%clk 0:02:33]} 15. Qb3 {[%clk 0:02:19]} Re8
{[%clk 0:02:28]} 16. Bb4 {[%clk 0:02:13]} Qf6 {[%clk 0:02:25]} 17. Rad1
{[%clk 0:02:01]} Nf7 {[%clk 0:02:25]} 18. Ne1 {[%clk 0:01:43]} e4
{[%clk 0:02:17]} 19. f3 {[%clk 0:01:43]} a5 {[%clk 0:02:04]} 20. bxa6
{[%clk 0:01:38]} Qxa6 {[%clk 0:02:05]} 21. fxe4 {[%clk 0:01:33]} Qxa2
{[%clk 0:02:06]} 22. Qxa2 {[%clk 0:01:26]} Rxa2 {[%clk 0:02:07]} 23. exf5
{[%clk 0:01:25]} gxf5 {[%clk 0:02:08]} 24. Bc5 {[%clk 0:01:06]} b6
{[%clk 0:02:08]} 25. Bd4 {[%clk 0:01:05]} Bh6 {[%clk 0:02:08]} 26. Rf2
{[%clk 0:00:50]} Rxf2 {[%clk 0:02:07]} 27. Kxf2 {[%clk 0:00:51]} c5
{[%clk 0:02:09]} 28. Ba1 {[%clk 0:00:43]} Bxe3+ {[%clk 0:02:09]} 29. Kf1
{[%clk 0:00:43]} Be6 {[%clk 0:02:10]} 30. Bd5 {[%clk 0:00:41]} Nd6
{[%clk 0:02:11]} 31. Ng2 {[%clk 0:00:30]} Nxc4 {[%clk 0:02:07]} 32. Bxe6+
{[%clk 0:00:31]} Rxe6 {[%clk 0:02:08]} 33. Nh4 {[%clk 0:00:27]} Nd6
{[%clk 0:02:02]} 34. Rd5 {[%clk 0:00:23]} f4 {[%clk 0:01:42]} 35. Be5
{[%clk 0:00:20]} Nc4 {[%clk 0:01:43]} 36. gxf4 {[%clk 0:00:20]} Nxe5
{[%clk 0:01:36]} 37. fxe5 {[%clk 0:00:21]} c4 {[%clk 0:01:32]} 38. Rd8+
{[%clk 0:00:17]} Kf7 {[%clk 0:01:31]} 39. Rd7+ {[%clk 0:00:18]} Ke8
{[%clk 0:01:29]} 40. Rxh7 {[%clk 0:00:13]} Rxe5 {[%clk 0:01:17]} 41. Nf3
{[%clk 0:00:14]} Rc5 {[%clk 0:01:16]} 42. Ke2 {[%clk 0:00:14]} c3
{[%clk 0:01:09]} 43. Ne1 {[%clk 0:00:12]} Bf4 {[%clk 0:00:56]} 44. Nc2
{[%clk 0:00:12]} Rd5 {[%clk 0:00:57]} 45. Kf3 {[%clk 0:00:09]} Rd2
{[%clk 0:00:56]} 46. Kxf4 {[%clk 0:00:06]} Rxc2 {[%clk 0:00:57]} 47. Ke3
{[%clk 0:00:07]} Rg2 {[%clk 0:00:13]} 48. Kd3 {[%clk 0:00:05]} c2
{[%clk 0:00:10]} 49. Rc7 {[%clk 0:00:07]} 1/2-1/2

[Event "Blitz 2018"]
[Site "Saint-Petersburg"]
[Date "2018.12.30"]
[Round "18"]
[Board "54"]
[White "Baron Tal (ISR)"]
[Black "Popov Valerij (RUS)"]
[Result "0-1"]
[LiveChessVersion "1.4.8"]
[BlackElo "2574"]
[WhiteElo "2421"]

1. d4 {[%clk 0:03:04]} d5 {[%clk 0:03:02]} 2. c4 {[%clk 0:03:05]} e6
{[%clk 0:03:02]} 3. Nc3 {[%clk 0:03:06]} Bb4 {[%clk 0:03:04]} 4. a3
{[%clk 0:03:05]} Bxc3+ {[%clk 0:03:04]} 5. bxc3 {[%clk 0:03:07]} c5
{[%clk 0:03:05]} 6. cxd5 {[%clk 0:03:05]} exd5 {[%clk 0:03:05]} 7. e3
{[%clk 0:03:06]} Nc6 {[%clk 0:03:06]} 8. Bd3 {[%clk 0:03:05]} Nge7
{[%clk 0:03:06]} 9. f3 {[%clk 0:03:06]} cxd4 {[%clk 0:02:47]} 10. cxd4
{[%clk 0:03:05]} Bf5 {[%clk 0:02:48]} 11. Ne2 {[%clk 0:02:53]} O-O
{[%clk 0:02:41]} 12. O-O {[%clk 0:02:53]} Bxd3 {[%clk 0:02:38]} 13. Qxd3
{[%clk 0:02:55]} Na5 {[%clk 0:02:32]} 14. e4 {[%clk 0:02:52]} Qd7
{[%clk 0:02:23]} 15. e5 {[%clk 0:02:35]} Rac8 {[%clk 0:02:14]} 16. Ng3
{[%clk 0:02:27]} Rc4 {[%clk 0:02:03]} 17. Bd2 {[%clk 0:02:21]} Nac6
{[%clk 0:02:02]} 18. Be3 {[%clk 0:02:15]} b5 {[%clk 0:02:00]} 19. f4
{[%clk 0:02:06]} f5 {[%clk 0:01:55]} 20. exf6 {[%clk 0:02:05]} Rxf6
{[%clk 0:01:56]} 21. f5 {[%clk 0:02:04]} a6 {[%clk 0:01:51]} 22. Rae1
{[%clk 0:02:00]} b4 {[%clk 0:01:38]} 23. Bg5 {[%clk 0:01:50]} Rf7
{[%clk 0:01:33]} 24. f6 {[%clk 0:01:45]} gxf6 {[%clk 0:01:31]} 25. Bxf6
{[%clk 0:01:46]} Ng6 {[%clk 0:01:10]} 26. Nh5 {[%clk 0:01:28]} Qg4
{[%clk 0:01:04]} 27. Re8+ {[%clk 0:01:27]} Rf8 {[%clk 0:01:05]} 28. Be7
{[%clk 0:00:46]} Rxe8 {[%clk 0:01:00]} 29. Nf6+ {[%clk 0:00:46]} Kg7
{[%clk 0:01:02]} 30. Nxe8+ {[%clk 0:00:38]} Kh8 {[%clk 0:01:00]} 31. Bf6+
{[%clk 0:00:19]} Kg8 {[%clk 0:01:01]} 32. Qe3 {[%clk 0:00:16]} Rc2
{[%clk 0:00:55]} 33. g3 {[%clk 0:00:10]} Qe2 {[%clk 0:00:57]} 34. Qxe2
{[%clk 0:00:08]} Rxe2 {[%clk 0:00:58]} 35. Nc7 {[%clk 0:00:06]} bxa3
{[%clk 0:00:54]} 36. Nxd5 {[%clk 0:00:07]} a2 {[%clk 0:00:54]} 37. Nc3
{[%clk 0:00:09]} Rd2 {[%clk 0:00:50]} 38. d5 {[%clk 0:00:08]} Nb4
{[%clk 0:00:50]} 39. Ne4 {[%clk 0:00:07]} Rxd5 {[%clk 0:00:48]} 40. Bc3
{[%clk 0:00:08]} Rb5 41. Nf6+ Kf7 {[%clk 0:00:36]} 42. Nd5+ {[%clk 0:00:11]} Ke6
{[%clk 0:00:38]} 43. Nxb4 {[%clk 0:00:12]} Rc5 {[%clk 0:00:37]} 44. Re1+ Kf5 45.
Bg7 {[%clk 0:00:07]} Rc7 {[%clk 0:00:38]} 46. Bb2 {[%clk 0:00:06]} Rb7
{[%clk 0:00:39]} 47. Bc3 {[%clk 0:00:07]} h5 {[%clk 0:00:35]} 48. h3
{[%clk 0:00:08]} Rc7 {[%clk 0:00:34]} 49. Nd5 {[%clk 0:00:07]} Rc5
{[%clk 0:00:34]} 50. Ne3+ {[%clk 0:00:06]} Ke4 {[%clk 0:00:35]} 51. Bb4
{[%clk 0:00:06]} Rb5 {[%clk 0:00:33]} 52. Bc3 {[%clk 0:00:06]} Rb3
{[%clk 0:00:34]} 53. Nc4+ {[%clk 0:00:06]} Kd3 {[%clk 0:00:33]} 54. Na5
{[%clk 0:00:06]} Rxc3 {[%clk 0:00:32]} 55. Ra1 {[%clk 0:00:06]} Ra3
{[%clk 0:00:30]} 56. Nc6 {[%clk 0:00:06]} a5 {[%clk 0:00:30]} 57. g4
{[%clk 0:00:06]} Nf4 {[%clk 0:00:30]} 58. gxh5 {[%clk 0:00:06]} Nxh5
{[%clk 0:00:31]} 59. Kf2 {[%clk 0:00:06]} Nf4 {[%clk 0:00:32]} 60. h4
{[%clk 0:00:07]} Nd5 {[%clk 0:00:32]} 61. h5 {[%clk 0:00:07]} Nb4
{[%clk 0:00:33]} 62. Ne5+ {[%clk 0:00:07]} Ke4 {[%clk 0:00:34]} 63. Nc4
{[%clk 0:00:08]} Rh3 {[%clk 0:00:33]} 64. Nd2+ {[%clk 0:00:08]} Kd3
{[%clk 0:00:32]} 65. Nf3 {[%clk 0:00:06]} Rxh5 {[%clk 0:00:30]} 66. Ne1+
{[%clk 0:00:04]} Kc3 {[%clk 0:00:31]} 67. Ke2 {[%clk 0:00:04]} a4
{[%clk 0:00:29]} 68. Kd1 {[%clk 0:00:03]} Rh1 {[%clk 0:00:28]} 69. Ke2
{[%clk 0:00:03]} Rh2+ {[%clk 0:00:28]} 70. Ke3 {[%clk 0:00:04]} Kb2
{[%clk 0:00:21]} 71. Rd1 {[%clk 0:00:05]} a1=Q {[%clk 0:00:20]} 72. Kf4 0-1

[Event "Blitz 2018"]
[Site "Saint-Petersburg"]
[Date "2018.12.30"]
[Round "18"]
[Board "55"]
[White "Grachev Boris (RUS)"]
[Black "Vokhidov Shamsiddin (UZB)"]
[Result "1/2-1/2"]
[LiveChessVersion "1.4.8"]
[BlackElo "2414"]
[WhiteElo "2571"]

1. d4 {[%clk 0:03:03]} d5 {[%clk 0:03:04]} 2. Bf4 {[%clk 0:03:04]} Nf6
{[%clk 0:03:05]} 3. e3 {[%clk 0:03:05]} c5 {[%clk 0:03:06]} 4. c3
{[%clk 0:03:01]} Nc6 {[%clk 0:03:08]} 5. Nd2 {[%clk 0:03:01]} Bf5
{[%clk 0:03:09]} 6. Ngf3 {[%clk 0:02:58]} e6 {[%clk 0:03:06]} 7. Nh4
{[%clk 0:02:59]} Be4 {[%clk 0:03:07]} 8. Qb3 {[%clk 0:02:55]} Qd7
{[%clk 0:03:08]} 9. Nhf3 {[%clk 0:02:54]} c4 {[%clk 0:03:08]} 10. Qd1
{[%clk 0:02:52]} Bd6 {[%clk 0:03:09]} 11. Bg5 {[%clk 0:02:35]} Bg6
{[%clk 0:02:51]} 12. Bxf6 {[%clk 0:02:17]} gxf6 {[%clk 0:02:52]} 13. Be2
{[%clk 0:02:19]} b5 {[%clk 0:02:50]} 14. Nh4 {[%clk 0:02:15]} b4 {[%clk 0:02:45]}
15. Nxg6 {[%clk 0:02:09]} hxg6 {[%clk 0:02:30]} 16. e4 {[%clk 0:02:11]} Ne7
{[%clk 0:01:56]} 17. Bf3 {[%clk 0:02:08]} O-O {[%clk 0:01:46]} 18. O-O
{[%clk 0:02:03]} bxc3 {[%clk 0:01:42]} 19. bxc3 {[%clk 0:02:04]} Rab8
{[%clk 0:01:42]} 20. Qc2 {[%clk 0:02:02]} Qc7 {[%clk 0:01:32]} 21. g3
{[%clk 0:01:59]} Rb6 {[%clk 0:01:28]} 22. Rab1 {[%clk 0:01:50]} Rfb8
{[%clk 0:01:30]} 23. Rxb6 {[%clk 0:01:47]} Rxb6 {[%clk 0:01:31]} 24. Rb1
{[%clk 0:01:47]} Rxb1+ {[%clk 0:01:21]} 25. Qxb1 {[%clk 0:01:44]} e5
{[%clk 0:01:06]} 26. dxe5 {[%clk 0:01:37]} Bxe5 {[%clk 0:01:07]} 27. exd5
{[%clk 0:01:30]} Bxc3 {[%clk 0:01:07]} 28. d6 {[%clk 0:01:15]} Qxd6
{[%clk 0:01:07]} 29. Nxc4 {[%clk 0:01:16]} Qc5 {[%clk 0:01:04]} 30. Qb8+
{[%clk 0:01:12]} Kg7 {[%clk 0:01:03]} 31. Nd6 {[%clk 0:01:10]} Be5
{[%clk 0:00:56]} 32. Ne8+ {[%clk 0:01:08]} Kh7 {[%clk 0:00:52]} 33. Qb7
{[%clk 0:01:03]} a5 {[%clk 0:00:45]} 34. a4 {[%clk 0:00:56]} Qb4 {[%clk 0:00:42]}
35. Qd7 {[%clk 0:00:52]} Qc5 {[%clk 0:00:41]} 36. Kg2 {[%clk 0:00:50]} Kg8
{[%clk 0:00:40]} 37. h4 {[%clk 0:00:45]} Kf8 {[%clk 0:00:41]} 38. Bb7
{[%clk 0:00:22]} Nf5 {[%clk 0:00:36]} 39. Bd5 {[%clk 0:00:18]} Qe7
{[%clk 0:00:35]} 40. Bc6 {[%clk 0:00:12]} Nd4 {[%clk 0:00:31]} 41. Qc8
{[%clk 0:00:11]} Nxc6 {[%clk 0:00:28]} 42. Nxf6+ {[%clk 0:00:08]} Kg7
{[%clk 0:00:25]} 43. Ne8+ {[%clk 0:00:08]} Kf8 {[%clk 0:00:25]} 44. Nf6+
{[%clk 0:00:09]} Qd8 {[%clk 0:00:22]} 45. Nd7+ {[%clk 0:00:09]} Ke7
{[%clk 0:00:23]} 46. Qxc6 {[%clk 0:00:10]} Qxd7 {[%clk 0:00:24]} 47. Qc5+
{[%clk 0:00:11]} Qd6 {[%clk 0:00:20]} 48. Qxa5 {[%clk 0:00:11]} Kf6
{[%clk 0:00:20]} 49. Qb5 {[%clk 0:00:10]} Ke6 {[%clk 0:00:18]} 50. Qc4+
{[%clk 0:00:10]} Qd5+ {[%clk 0:00:19]} 51. Qxd5+ {[%clk 0:00:11]} Kxd5
{[%clk 0:00:21]} 52. a5 {[%clk 0:00:08]} Ke4 {[%clk 0:00:21]} 53. a6
{[%clk 0:00:08]} Bd4 {[%clk 0:00:23]} 54. g4 {[%clk 0:00:06]} Kf4
{[%clk 0:00:23]} 55. f3 {[%clk 0:00:07]} Bb6 {[%clk 0:00:22]} 56. Kf1
{[%clk 0:00:05]} Ke5 {[%clk 0:00:12]} 57. Ke2 {[%clk 0:00:06]} Kd5
{[%clk 0:00:10]} 58. Kd3 {[%clk 0:00:07]} f6 {[%clk 0:00:06]} 59. h5
{[%clk 0:00:06]} gxh5 {[%clk 0:00:07]} 60. gxh5 {[%clk 0:00:07]} Ke5
{[%clk 0:00:07]} 61. f4+ {[%clk 0:00:08]} Ke6 {[%clk 0:00:04]} 62. Kc4
{[%clk 0:00:06]} Kf7 {[%clk 0:00:03]} 63. Kd5 {[%clk 0:00:07]} Ba7 64. f5
{[%clk 0:00:06]} Kg7 {[%clk 0:00:04]} 65. Ke6 {[%clk 0:00:08]} Bd4
{[%clk 0:00:05]} 66. Kd5 {[%clk 0:00:07]} Ba7 {[%clk 0:00:06]} 67. Kd6
{[%clk 0:00:08]} Kh6 {[%clk 0:00:06]} 68. Ke6 {[%clk 0:00:08]} Bd4
{[%clk 0:00:07]} 69. a7 {[%clk 0:00:07]} Bxa7 {[%clk 0:00:08]} 70. Kxf6
{[%clk 0:00:08]} Kxh5 {[%clk 0:00:09]} 71. Ke6 {[%clk 0:00:09]} Bd4
{[%clk 0:00:10]} 72. f6 {[%clk 0:00:11]} Bxf6 1/2-1/2

[Event "Blitz 2018"]
[Site "Saint-Petersburg"]
[Date "2018.12.30"]
[Round "18"]
[Board "56"]
[White "Timofeev Artyom (RUS)"]
[Black "Tissir Mohamed (MAR)"]
[Result "1-0"]
[LiveChessVersion "1.4.8"]
[BlackElo "2381"]
[WhiteElo "2568"]

1. c4 {[%clk 0:03:03]} e6 {[%clk 0:03:01]} 2. Nc3 {[%clk 0:03:03]} Ne7
{[%clk 0:02:59]} 3. e4 {[%clk 0:03:00]} d5 {[%clk 0:02:59]} 4. d4
{[%clk 0:03:01]} dxe4 {[%clk 0:02:48]} 5. Nxe4 {[%clk 0:03:01]} Nbc6
{[%clk 0:02:49]} 6. Nf3 {[%clk 0:03:00]} Nf5 {[%clk 0:02:51]} 7. d5
{[%clk 0:02:52]} exd5 {[%clk 0:02:50]} 8. cxd5 {[%clk 0:02:53]} Nce7
{[%clk 0:02:36]} 9. Nc3 {[%clk 0:02:46]} Ng6 {[%clk 0:02:19]} 10. Bb5+
{[%clk 0:02:26]} Bd7 {[%clk 0:02:19]} 11. Qa4 {[%clk 0:02:26]} Qe7+
{[%clk 0:01:59]} 12. Kd1 {[%clk 0:02:06]} Qd6 {[%clk 0:01:13]} 13. Bxd7+
{[%clk 0:01:39]} Qxd7 {[%clk 0:01:14]} 14. Qxd7+ {[%clk 0:01:37]} Kxd7
{[%clk 0:01:15]} 15. Be3 {[%clk 0:01:22]} Re8 {[%clk 0:01:10]} 16. Kd2
{[%clk 0:01:23]} Bb4 {[%clk 0:01:10]} 17. Rac1 {[%clk 0:01:16]} Nd6
{[%clk 0:01:07]} 18. Kc2 {[%clk 0:01:13]} Bxc3 {[%clk 0:01:01]} 19. Kxc3
{[%clk 0:01:11]} b6 {[%clk 0:00:58]} 20. Kb3 {[%clk 0:01:09]} Ne5
{[%clk 0:00:57]} 21. Nd4 {[%clk 0:01:02]} Ng4 {[%clk 0:00:43]} 22. Rc3
{[%clk 0:01:03]} Re5 {[%clk 0:00:40]} 23. Rhc1 {[%clk 0:01:02]} Rc8
{[%clk 0:00:39]} 24. Nc6 {[%clk 0:01:02]} Rxd5 {[%clk 0:00:20]} 25. Nxa7
{[%clk 0:01:03]} c5 {[%clk 0:00:19]} 26. Nxc8 {[%clk 0:01:02]} Nxc8
{[%clk 0:00:20]} 27. Kc2 {[%clk 0:01:00]} Nd6 {[%clk 0:00:17]} 28. Rd3
{[%clk 0:01:00]} Rxd3 {[%clk 0:00:10]} 29. Kxd3 {[%clk 0:01:01]} Ne5+
{[%clk 0:00:11]} 30. Ke2 {[%clk 0:01:02]} f6 {[%clk 0:00:11]} 31. Bf4
{[%clk 0:01:02]} Ke6 {[%clk 0:00:11]} 32. Bxe5 {[%clk 0:01:03]} fxe5
{[%clk 0:00:12]} 33. f3 {[%clk 0:01:02]} Kd5 {[%clk 0:00:11]} 34. Rd1+
{[%clk 0:01:03]} Kc6 {[%clk 0:00:13]} 35. Kd3 {[%clk 0:01:04]} b5
{[%clk 0:00:15]} 36. Re1 {[%clk 0:01:05]} Kd5 {[%clk 0:00:15]} 37. b3
{[%clk 0:01:07]} c4+ {[%clk 0:00:16]} 38. bxc4+ {[%clk 0:01:07]} bxc4+
{[%clk 0:00:17]} 39. Kc2 {[%clk 0:01:05]} Nb5 {[%clk 0:00:18]} 40. a4
{[%clk 0:01:06]} Nd4+ {[%clk 0:00:10]} 41. Kc3 {[%clk 0:01:08]} Ne6
{[%clk 0:00:06]} 42. Rd1+ Kc5 43. Rd7 {[%clk 0:01:06]} Nf4 {[%clk 0:00:08]} 44.
Rxg7 {[%clk 0:01:05]} Nd5+ {[%clk 0:00:08]} 45. Kd2 {[%clk 0:01:05]} c3+
{[%clk 0:00:06]} 46. Kc2 {[%clk 0:01:05]} Kc4 {[%clk 0:00:08]} 47. Rg4+
{[%clk 0:01:05]} Kc5 {[%clk 0:00:05]} 48. Kb3 {[%clk 0:01:06]} c2
{[%clk 0:00:06]} 49. Kxc2 {[%clk 0:01:06]} Ne3+ {[%clk 0:00:08]} 50. Kd3
{[%clk 0:01:07]} Nxg4 {[%clk 0:00:09]} 51. fxg4 {[%clk 0:01:09]} Kd5
{[%clk 0:00:10]} 52. Ke4+ 1-0

[Event "Blitz 2018"]
[Site "Saint-Petersburg"]
[Date "2018.12.30"]
[Round "18"]
[Board "57"]
[White "Moiseenko Vadim (RUS)"]
[Black "Yakubboev Nodirbek (UZB)"]
[Result "1-0"]
[LiveChessVersion "1.4.8"]
[BlackElo "2388"]
[WhiteElo "2560"]

1. e4 {[%clk 0:03:03]} e5 {[%clk 0:03:03]} 2. Nf3 {[%clk 0:03:04]} Nc6
{[%clk 0:03:04]} 3. Nc3 {[%clk 0:03:04]} Nf6 {[%clk 0:03:05]} 4. Rb1
{[%clk 0:03:06]} Bb4 {[%clk 0:02:26]} 5. Bd3 {[%clk 0:03:06]} d6 {[%clk 0:02:12]}
6. O-O {[%clk 0:03:00]} Bg4 {[%clk 0:02:07]} 7. h3 {[%clk 0:02:58]} Bh5
{[%clk 0:02:07]} 8. Be2 {[%clk 0:02:56]} O-O {[%clk 0:01:49]} 9. d3
{[%clk 0:02:54]} Re8 {[%clk 0:01:28]} 10. Bg5 {[%clk 0:02:49]} h6
{[%clk 0:01:21]} 11. Bxf6 {[%clk 0:02:49]} Qxf6 {[%clk 0:01:22]} 12. Nd5
{[%clk 0:02:51]} Qd8 {[%clk 0:01:24]} 13. c3 {[%clk 0:02:42]} Bc5
{[%clk 0:01:25]} 14. b4 {[%clk 0:02:42]} Bb6 {[%clk 0:01:26]} 15. a4
{[%clk 0:02:43]} a5 {[%clk 0:01:24]} 16. Nxb6 {[%clk 0:02:17]} cxb6
{[%clk 0:01:22]} 17. bxa5 Rxa5 {[%clk 0:01:14]} 18. Qb3 {[%clk 0:02:11]} Re7
{[%clk 0:01:06]} 19. Rb2 {[%clk 0:01:58]} Qa8 {[%clk 0:01:03]} 20. Qxb6
{[%clk 0:01:09]} Rxa4 {[%clk 0:01:01]} 21. Rfb1 {[%clk 0:01:07]} Ra3
{[%clk 0:00:58]} 22. Rb3 {[%clk 0:00:45]} Ra2 {[%clk 0:00:57]} 23. Bd1
{[%clk 0:00:45]} Qc8 {[%clk 0:00:39]} 24. Nh4 {[%clk 0:00:20]} Bxd1
{[%clk 0:00:33]} 25. Rxd1 {[%clk 0:00:21]} g6 {[%clk 0:00:31]} 26. Nf3
{[%clk 0:00:20]} Ra6 {[%clk 0:00:26]} 27. Qe3 {[%clk 0:00:19]} Na5
{[%clk 0:00:28]} 28. Rbb1 {[%clk 0:00:16]} Qxc3 {[%clk 0:00:25]} 29. Qxh6
{[%clk 0:00:17]} Qc8 {[%clk 0:00:12]} 30. Ng5 {[%clk 0:00:15]} f5
{[%clk 0:00:13]} 31. Rbc1 {[%clk 0:00:07]} Qf8 {[%clk 0:00:13]} 32. Qxg6+
{[%clk 0:00:07]} Kh8 {[%clk 0:00:09]} 33. exf5 {[%clk 0:00:08]} d5
{[%clk 0:00:08]} 34. Ne6 {[%clk 0:00:08]} Qe8 {[%clk 0:00:06]} 35. Qh6+
{[%clk 0:00:06]} Kg8 {[%clk 0:00:07]} 36. d4 {[%clk 0:00:06]} e4 {[%clk 0:00:08]}
37. Rc3 {[%clk 0:00:08]} 1-0

[Event "Blitz 2018"]
[Site "Saint-Petersburg"]
[Date "2018.12.30"]
[Round "18"]
[Board "59"]
[White "Zhigalko Andrey (BLR)"]
[Black "Khismatullin Denis (RUS)"]
[Result "1-0"]
[LiveChessVersion "1.4.8"]
[BlackElo "2674"]
[WhiteElo "2493"]

1. e4 {[%clk 0:03:03]} d6 {[%clk 0:03:02]} 2. d4 {[%clk 0:03:04]} Nf6
{[%clk 0:03:03]} 3. Bd3 {[%clk 0:03:06]} e5 {[%clk 0:03:01]} 4. c3
{[%clk 0:03:07]} Be7 {[%clk 0:03:01]} 5. Nf3 {[%clk 0:03:07]} O-O
{[%clk 0:03:01]} 6. O-O {[%clk 0:03:03]} Nbd7 {[%clk 0:03:02]} 7. Re1
{[%clk 0:03:03]} Re8 {[%clk 0:03:00]} 8. a4 {[%clk 0:02:59]} c6 {[%clk 0:02:57]}
9. a5 {[%clk 0:02:53]} Bf8 {[%clk 0:02:35]} 10. Bg5 {[%clk 0:02:50]} Qc7
{[%clk 0:02:29]} 11. Nbd2 {[%clk 0:02:50]} h6 {[%clk 0:02:16]} 12. Bh4
{[%clk 0:02:49]} Nh5 {[%clk 0:02:06]} 13. Nxe5 {[%clk 0:01:29]} Nf4
{[%clk 0:01:59]} 14. Nxd7 {[%clk 0:01:28]} Nxd3 {[%clk 0:01:59]} 15. Re3
{[%clk 0:01:24]} Nxb2 {[%clk 0:00:37]} 16. Nf6+ {[%clk 0:01:25]} gxf6
{[%clk 0:00:37]} 17. Rg3+ {[%clk 0:00:38]} Kh7 {[%clk 0:00:37]} 18. Qf3
{[%clk 0:00:33]} f5 {[%clk 0:00:32]} 19. exf5 {[%clk 0:00:23]} Bg7
{[%clk 0:00:08]} 20. Rb1 {[%clk 0:00:15]} Qd7 {[%clk 0:00:07]} 21. f6
{[%clk 0:00:14]} Bf8 {[%clk 0:00:05]} 22. Rxb2 {[%clk 0:00:09]} Re1+
{[%clk 0:00:06]} 23. Nf1 {[%clk 0:00:10]} Qf5 {[%clk 0:00:07]} 24. h3
{[%clk 0:00:08]} b6 {[%clk 0:00:07]} 25. Qxc6 {[%clk 0:00:08]} Qf4
{[%clk 0:00:04]} 26. Qc7 {[%clk 0:00:06]} Be6 {[%clk 0:00:04]} 27. axb6
{[%clk 0:00:04]} Rxf1+ {[%clk 0:00:04]} 28. Kxf1 {[%clk 0:00:04]} Qc1+
{[%clk 0:00:05]} 29. Ke2 {[%clk 0:00:05]} Qxb2+ {[%clk 0:00:05]} 30. Kf3
{[%clk 0:00:05]} Bd5+ {[%clk 0:00:05]} 31. Kg4 {[%clk 0:00:05]} Qe2+
{[%clk 0:00:05]} 32. f3 {[%clk 0:00:05]} Qe6+ {[%clk 0:00:05]} 33. Kf4
{[%clk 0:00:04]} Re8 {[%clk 0:00:05]} 34. Rg4 {[%clk 0:00:03]} Qe3+
{[%clk 0:00:05]} 35. Kg3 {[%clk 0:00:04]} Qe1+ {[%clk 0:00:06]} 36. Kh2
{[%clk 0:00:05]} Qe6 {[%clk 0:00:05]} 37. b7 {[%clk 0:00:05]} h5 {[%clk 0:00:04]}
38. Rg5 {[%clk 0:00:05]} Bh6 {[%clk 0:00:05]} 39. Rxh5 {[%clk 0:00:04]} Kg6
{[%clk 0:00:05]} 40. Rxh6+ {[%clk 0:00:04]} Kxh6 {[%clk 0:00:06]} 41. b8=Q
{[%clk 0:00:04]} Rxb8 {[%clk 0:00:07]} 42. Qxb8 {[%clk 0:00:05]} Qe2
{[%clk 0:00:05]} 43. Qh8+ {[%clk 0:00:06]} Kg6 {[%clk 0:00:06]} 44. Qg7+
{[%clk 0:00:06]} Kf5 {[%clk 0:00:06]} 45. Qg4# {[%clk 0:00:07]} 1-0